MARC details
| 000 -LEADER |
| fixed length control field |
02956cam a2200553 i 4500 |
| 005 - DATE AND TIME OF LATEST TRANSACTION |
| control field |
20230828151850.0 |
| 020 ## - INTERNATIONAL STANDARD BOOK NUMBER |
| International Standard Book Number |
978910989449 |
| 040 ## - CATALOGING SOURCE |
| Original cataloging agency |
YDX |
| Language of cataloging |
eng |
| Transcribing agency |
YDX |
| Description conventions |
rda |
| Modifying agency |
BTCTA |
| -- |
BDX |
| -- |
CHILD |
| -- |
SMDRL |
| -- |
OI6 |
| -- |
SRC |
| -- |
TXLBH |
| -- |
UAB |
| -- |
IGA |
| -- |
OCLCF |
| -- |
NYP |
| -- |
VP@ |
| -- |
T3B |
| -- |
EHH |
| -- |
DYJ |
| -- |
OCLCQ |
| -- |
DEERP |
| -- |
UIU |
| -- |
LIBLM |
| -- |
AZD |
| -- |
OCLCO |
| -- |
UNITY |
| -- |
YU2 |
| -- |
CNEDM |
| -- |
AZT |
| -- |
JTQ |
| -- |
KCP |
| -- |
IOS |
| -- |
MNM |
| -- |
WLM |
| -- |
MCW |
| -- |
GBX |
| -- |
EZC |
| -- |
FNN |
| -- |
B@L |
| -- |
IAD |
| -- |
DUD |
| -- |
TEU |
| -- |
FLM |
| -- |
CNCAR |
| -- |
JTO |
| -- |
ONT |
| -- |
MJ8 |
| -- |
FSP |
| -- |
DPL |
| -- |
IPL |
| -- |
JSE |
| -- |
HCO |
| -- |
ZAC |
| -- |
UPM |
| -- |
G8V |
| -- |
OJ4 |
| -- |
JRU |
| -- |
TD7 |
| -- |
IJ5 |
| -- |
KAA |
| -- |
UOK |
| -- |
EYB |
| -- |
T7L |
| -- |
CREBL |
| -- |
MQP |
| -- |
TXHLC |
| -- |
CNCBE |
| -- |
MOU |
| -- |
ON8 |
| -- |
OY4 |
| -- |
CNWPU |
| -- |
AZH |
| -- |
RCL |
| -- |
SDL |
| -- |
FX8 |
| -- |
BUDAP |
| -- |
SPP |
| -- |
TOP |
| -- |
IUK |
| -- |
OCLCQ |
| -- |
OCLCO |
| -- |
NJB |
| -- |
YU6 |
| -- |
CRP |
| -- |
WYG |
| -- |
NQN |
| -- |
WC$ |
| -- |
MLSOD |
| -- |
NZLEP |
| -- |
OCLCQ |
| -- |
IV5 |
| -- |
OQ8 |
| -- |
OCLCO |
| -- |
KGI |
| -- |
TXENN |
| -- |
OCLCO |
| -- |
MWD |
| -- |
KVB |
| -- |
OCLCO |
| -- |
LMJ |
| -- |
OCLCO |
| -- |
LKC |
| -- |
XOL |
| -- |
OCLCO |
| -- |
FMA |
| -- |
OCLCO |
| -- |
UNL |
| -- |
JVM |
| -- |
LE8 |
| -- |
OCLCO |
| -- |
BYV |
| -- |
OCLCO |
| -- |
ZQP |
| -- |
OCLCO |
| -- |
TXSVP |
| -- |
DLC |
| 050 00 - LIBRARY OF CONGRESS CALL NUMBER |
| Classification number |
PZ7.E8886 |
| Item number |
We 2018 |
| 082 04 - DEWEY DECIMAL CLASSIFICATION NUMBER |
| Classification number |
823.92 |
| Edition number |
23 |
| 100 1# - MAIN ENTRY--PERSONAL NAME |
| Personal name |
Evans, Lissa, |
| Relator term |
author. |
| 245 10 - TITLE STATEMENT |
| Title |
Wed wabbit / |
| Statement of responsibility, etc. |
Lissa Evans ; [map illustration, Tomislav Tomic]. |
| 246 1# - VARYING FORM OF TITLE |
| Display text |
Also known as: |
| Title proper/short title |
Red rabbit |
| 250 ## - EDITION STATEMENT |
| Edition statement |
First edition. |
| 260 ## - PUBLICATION, DISTRIBUTION, ETC. |
| Name of publisher, distributor, etc. |
Clays, Ltd , St Ives plc. |
| 300 ## - PHYSICAL DESCRIPTION |
| Extent |
242 pages : |
| Other physical details |
illustrations ; |
| Dimensions |
22 cm |
| 500 ## - GENERAL NOTE |
| General note |
Originally published in the United Kingdom in 2017 by David Fickling Books. |
| 505 ## - FORMATTED CONTENTS NOTE |
| Formatted contents note |
W <br/> |
| 520 ## - SUMMARY, ETC. |
| Summary, etc. |
You're called Fidge and you're nearly 11. You've been hurled into a strange world. You have three companions: two are unbelievably weird and the third is your awful cousin Graham. You have to solve a series of nearly impossible clues. You need to deal with a cruel dictator and three thousand Wimbley Woos (yes, you read that sentence correctly). And the whole situation - the whole, entire thing - is your fault. |
| 521 ## - TARGET AUDIENCE NOTE |
| Target audience note |
870 <br/> |
| Source |
Lexile <br/> |
| 521 ## - TARGET AUDIENCE NOTE |
| Target audience note |
W <br/> |
| Source |
Raz-Plus <br/> |
| 650 #0 - SUBJECT ADDED ENTRY--TOPICAL TERM |
| Topical term or geographic name entry element |
Cousins |
| Form subdivision |
Juvenile fiction. |
| 650 #0 - SUBJECT ADDED ENTRY--TOPICAL TERM |
| Topical term or geographic name entry element |
Imaginary places |
| Form subdivision |
Juvenile fiction. |
| 650 #1 - SUBJECT ADDED ENTRY--TOPICAL TERM |
| Topical term or geographic name entry element |
Cousins |
| Form subdivision |
Fiction. |
| 650 #1 - SUBJECT ADDED ENTRY--TOPICAL TERM |
| Topical term or geographic name entry element |
Imaginary places |
| Form subdivision |
Fiction. |
| 650 #4 - SUBJECT ADDED ENTRY--TOPICAL TERM |
| Topical term or geographic name entry element |
Humorous fiction. |
| 650 #4 - SUBJECT ADDED ENTRY--TOPICAL TERM |
| Topical term or geographic name entry element |
Imaginary places |
| Form subdivision |
Fiction. |
| 650 #4 - SUBJECT ADDED ENTRY--TOPICAL TERM |
| Topical term or geographic name entry element |
Cousins |
| Form subdivision |
Fiction. |
| 650 #7 - SUBJECT ADDED ENTRY--TOPICAL TERM |
| Topical term or geographic name entry element |
JUVENILE FICTION |
| General subdivision |
Action & Adventure. |
| Source of heading or term |
bisacsh |
| 650 #7 - SUBJECT ADDED ENTRY--TOPICAL TERM |
| Topical term or geographic name entry element |
JUVENILE FICTION |
| General subdivision |
Family. |
| Source of heading or term |
bisacsh |
| 650 #7 - SUBJECT ADDED ENTRY--TOPICAL TERM |
| Topical term or geographic name entry element |
JUVENILE FICTION |
| General subdivision |
Humorous Stories. |
| Source of heading or term |
bisacsh |
| 650 #7 - SUBJECT ADDED ENTRY--TOPICAL TERM |
| Topical term or geographic name entry element |
Cousins. |
| Source of heading or term |
fast |
| Authority record control number or standard number |
(OCoLC)fst00881894 |
| 650 #7 - SUBJECT ADDED ENTRY--TOPICAL TERM |
| Topical term or geographic name entry element |
Imaginary places. |
| Source of heading or term |
fast |
| Authority record control number or standard number |
(OCoLC)fst00967571 |
| 650 #7 - SUBJECT ADDED ENTRY--TOPICAL TERM |
| Topical term or geographic name entry element |
Soft toys |
| Form subdivision |
Fiction. |
| Source of heading or term |
sears |
| 650 #7 - SUBJECT ADDED ENTRY--TOPICAL TERM |
| Topical term or geographic name entry element |
Monsters |
| Form subdivision |
Fiction. |
| Source of heading or term |
sears |
| 655 #4 - INDEX TERM--GENRE/FORM |
| Genre/form data or focus term |
Humorous fiction. |
| 655 #7 - INDEX TERM--GENRE/FORM |
| Genre/form data or focus term |
Fiction. |
| Source of term |
fast |
| Authority record control number or standard number |
(OCoLC)fst01423787 |
| 655 #7 - INDEX TERM--GENRE/FORM |
| Genre/form data or focus term |
Humorous fiction. |
| Source of term |
fast |
| Authority record control number or standard number |
(OCoLC)fst01726649 |
| 655 #7 - INDEX TERM--GENRE/FORM |
| Genre/form data or focus term |
Juvenile works. |
| Source of term |
fast |
| Authority record control number or standard number |
(OCoLC)fst01411637 |
| 655 #7 - INDEX TERM--GENRE/FORM |
| Genre/form data or focus term |
Humorous fiction. |
| Source of term |
gsafd |
| 655 #7 - INDEX TERM--GENRE/FORM |
| Genre/form data or focus term |
Humorous fiction. |
| Source of term |
lcgft |
| 655 #7 - INDEX TERM--GENRE/FORM |
| Genre/form data or focus term |
Adventure fiction. |
| Source of term |
sears |
| 655 #7 - INDEX TERM--GENRE/FORM |
| Genre/form data or focus term |
Humorous fiction. |
| Source of term |
sears |
| 700 1# - ADDED ENTRY--PERSONAL NAME |
| Personal name |
Tomic, Tomislav, |
| Relator term |
illustrator. |
| 906 ## - LOCAL DATA ELEMENT F, LDF (RLIN) |
| a |
7 |
| b |
cbc |
| c |
copycat |
| d |
2 |
| e |
ncip |
| f |
20 |
| g |
y-gencatlg |
| 942 ## - ADDED ENTRY ELEMENTS (KOHA) |
| Source of classification or shelving scheme |
Dewey Decimal Classification |
| Koha item type |
Books |
| Suppress in OPAC |
No |
| 999 ## - |
| -- |
1487 |
| -- |
1487 |